| 000 | 00549nam a22001577a 4500 | ||
|---|---|---|---|
| 003 | OSt | ||
| 005 | 20151105102319.0 | ||
| 008 | 151105b xxu||||| |||| 00| 0 eng d | ||
| 040 | _cRUA | ||
| 082 | _aFOR UNG 1997 B124 Or.1 | ||
| 100 |
_93383 _aUNG, VUTHEARA. |
||
| 245 | _astudy of teak planting in kam pong cham province (សិក្សាអំពីដំណាំឈើប្រភេទម៉ៃសាក់ នៅ ខេត្តកំពង់ចាម) | ||
| 260 |
_aPhnom Penh _bRUA _c1997 |
||
| 300 |
_a77p. _bill. _c29cm. |
||
| 942 |
_2ddc _cFOR |
||
| 999 |
_c3156 _d3156 |
||